[Event "It (w)"]
[Site "masterchessopen.com Halle (Germany)"]
[Round "5"]
[White "Porubszky-Angyalosine Maria (HUN)"]
[Black "Zahorovska Renata"]
[Result "1-0"]
[WhiteElo "2023"]
[BlackElo "2000"]

1.e4 c5 2.Nf3 Nc6 3.d4 cxd4 4.Nxd4 g6 5.c4 Bg7 6.Be3 Nf6 7.Nc3 Ng4 8.Qxg4 Nxd4
9.Qd1 Nc6 10.Qd2 d6 11.Be2 O-O 12.Rc1 Ne5 13.O-O Ng4 14.Bxg4 Bxg4 15.f3 Be6
16.b3 Re8 17.Bd4 Bxd4+ 18.Qxd4 Qc8 19.f4 f5 20.exf5 Bxf5 21.Rfe1 Kf7 22.Nd5
Be6 23.Rc3 Bxd5 24.Qxd5+ Kf8 25.Rce3 Qc6 26.Qg5 Qc5 27.Qh6+ Kg8 28.Kh1 Qd4
29.f5 {#r} 1-0

[Event "?"]
[Site "masterchessopen.com URS"]
[Round "0"]
[White "Mochalov Evgeny V (BLR)"]
[Black "Kapengut Albert Z (BLR)"]
[Result "1-0"]
[WhiteElo "2379"]
[BlackElo "2402"]

1.Nf3 g6 2.c4 Bg7 3.d4 c5 4.e4 cxd4 5.Nxd4 Nc6 6.Be3 Nf6 7.Nc3 Ng4 8.Qxg4 Nxd4
9.Qd1 Ne6 10.Rc1 b6 11.Bd3 Bb7 12.O-O Qb8 13.Qd2 Qd6 14.Nd5 g5 15.b4 h5
16.Rfd1 Be5 17.h3 Bf4 18.Bf1 Bc6 19.Bxf4 Nxf4 20.Qb2 Rg8 21.Nxb6 Qe6 22.Nxa8
Bxa8 23.Qd4 g4 24.Qxa7 Nxh3+ 25.Kh1 Nxf2+ 26.Qxf2 Bxe4 27.Qf4 d6 28.c5 g3
29.Kg1 Rg4 30.Qe3 Qf6 31.cxd6 exd6 32.Qb6 {#r} 1-0

[Event "Ch Germany (team) (North) 1977/78"]
[Site "masterchessopen.com Germany"]
[Round "0"]
[White "Horn Peter (GER)"]
[Black "Franke Reiner (GER)"]
[Result "0-1"]
[WhiteElo "2161"]
[BlackElo "2274"]

1.c4 g6 2.e4 c5 3.Nf3 Bg7 4.d4 cxd4 5.Nxd4 Nc6 6.Be3 Nf6 7.Nc3 Ng4 8.Qxg4 Bxd4
9.Bxd4 Nxd4 10.Qd1 e5 11.Bd3 d6 12.O-O O-O 13.Qd2 b6 14.f4 f6 15.Rf2 Bb7
16.Raf1 Qe7 17.Nd5 Bxd5 18.exd5 Rae8 19.Qc3 f5 20.b4 Qg7 21.Rc1 e4 22.Bb1 e3
23.Rb2 Nf3+ {#R} 0-1

[Event "Olympiad"]
[Site "masterchessopen.com Buenos Aires (Argentina)"]
[Round "1"]
[White "Petursson Margeir (ISL)"]
[Black "Liu Wenzhe (CHN)"]
[Result "0-1"]
[WhiteElo "2350"]
[BlackElo "2473"]

1.d4 Nf6 2.c4 c5 3.Nf3 g6 4.Nc3 Bg7 5.e4 cxd4 6.Nxd4 Nc6 7.Be3 Ng4 8.Qxg4 Nxd4
9.Qd1 Ne6 10.Rc1 O-O 11.Be2 d6 12.b4 a5 13.a3 axb4 14.axb4 Ra3 15.Nd5 f5
16.exf5 gxf5 17.Qd2 f4 18.Nxf4 Nxf4 19.Bxf4 Qe8 20.O-O Qg6 21.c5 d5 22.Qxd5+
e6 23.Qg5 Qe4 24.Bd6 Rf6 25.Rc4 Qxe2 26.Rg4 Qxf2+ {#R} 0-1

[Event "Ch Europe (corr.)"]
[Site "masterchessopen.com corr."]
[Round "0"]
[White "Meleghegyi Csaba (HUN)"]
[Black "Uogele Anicetas (LTU)"]
[Result "1-0"]
[WhiteElo "2369"]
[BlackElo "2151"]

1.e4 c5 2.Nf3 g6 3.c4 Bg7 4.d4 cxd4 5.Nxd4 Nc6 6.Be3 Nf6 7.Nc3 Ng4 8.Qxg4 Nxd4
9.Qd1 Ne6 10.Rc1 b6 11.Bd3 Bb7 12.O-O O-O 13.Bb1 d6 14.b4 Ba6 15.Ne2 Rc8
16.Bd3 Rc7 17.f4 Qa8 18.f5 Nd8 19.Nf4 Bb7 20.Nd5 Bxd5 21.cxd5 Rxc1 22.Qxc1
gxf5 23.Rxf5 f6 24.e5 dxe5 25.Rh5 f5 26.Bxf5 Qxd5 27.Bxh7+ Kf7 28.Qc2 Ke6
29.Rg5 Bf6 30.Rg8 {#r} 1-0

[Event "Memorial Hodzhaev"]
[Site "masterchessopen.com Tashkent (Uzbekistan)"]
[Round "0"]
[White "Kayumov Dmitry D (UZB)"]
[Black "Mukhin Evgeny B (UZB)"]
[Result "1-0"]
[WhiteElo "2441"]
[BlackElo "2294"]

1.e4 c5 2.Nf3 Nc6 3.d4 cxd4 4.Nxd4 g6 5.c4 Bg7 6.Be3 Nf6 7.Nc3 Ng4 8.Qxg4 Nxd4
9.Qd1 Ne6 10.Rc1 Qa5 11.Bd3 Bxc3+ 12.Rxc3 Qxa2 13.Qc1 Qa5 14.c5 O-O 15.O-O d6
16.cxd6 exd6 17.f4 f5 18.exf5 gxf5 19.Rf3 d5 20.Rg3+ Kh8 21.Bxf5 Rxf5 22.Rxc8+
Rf8 23.Rxa8 Rxa8 24.b4 Qxb4 25.f5 d4 26.fxe6 Rg8 27.Bf4 {#r} 1-0

[Event "It"]
[Site "masterchessopen.com Leipzig (Germany)"]
[Round "1"]
[White "Luczak Andrzej (POL)"]
[Black "Espig Lutz (GER)"]
[Result "0-1"]
[WhiteElo "2430"]
[BlackElo "2440"]

1.Nf3 c5 2.c4 g6 3.d4 cxd4 4.Nxd4 Bg7 5.e4 Nc6 6.Be3 Nf6 7.Nc3 Ng4 8.Qxg4 Nxd4
9.Qd1 e5 10.Nb5 O-O 11.Qd2 Qh4 12.Bd3 d5 13.Bg5 Qg4 14.f3 Qd7 15.Nxd4 dxe4
16.Bxe4 exd4 17.O-O Qc7 18.b3 a5 19.Bh6 Bxh6 20.Qxh6 Be6 21.Qg5 a4 22.Qb5 Rfd8
23.Rad1 axb3 24.axb3 Ra2 25.Rd3 Qf4 26.Rfd1 Bh3 27.g3 Qh6 28.Qb4 Rg2+ 29.Kh1
Re2 30.R3d2 Bg2+ 31.Kg1 Qe3# 0-1

[Event "It (open)"]
[Site "masterchessopen.com Venice (Italy)"]
[Round "1"]
[White "Sartori Spartaco (ITA)"]
[Black "Westerveld Wim (NED)"]
[Result "0-1"]
[WhiteElo "2143"]
[BlackElo "2175"]

1.c4 g6 2.d4 c5 3.Nf3 Bg7 4.e4 cxd4 5.Nxd4 Nc6 6.Be3 Nf6 7.Nc3 Ng4 8.Qxg4 Nxd4
9.Qd1 Ne6 10.Rc1 b6 11.Bd3 Bb7 12.b4 Be5 13.O-O Qb8 14.h3 Bh2+ 15.Kh1 Bf4
16.Bxf4 Qxf4 17.Nd5 Qh4 18.Kh2 Bxd5 19.g3 Qf6 20.cxd5 Ng7 21.Qd2 O-O 22.Rc7
Qd6 23.Qc3 Rfd8 24.Rc1 Ne8 25.Rb7 h5 26.Bc4 Qf6 27.Qe3 Qb2 28.Bb3 Nd6 29.Rbc7
Qe5 30.R7c3 h4 31.f4 hxg3+ 32.Qxg3 Qg7 33.Qg5 Kf8 34.e5 Nf5 {#R} 0-1

[Event "Ch Malaga"]
[Site "masterchessopen.com Malaga (Spain)"]
[Date "1980.02.23"]
[Round "7"]
[White "Corrales Ibanez Pedro Luis (ESP)"]
[Black "Martin Marfil Francisco"]
[Result "1-0"]
[WhiteElo "1895"]
[BlackElo "2031"]

1.e4 c5 2.Nf3 Nc6 3.d4 cxd4 4.Nxd4 g6 5.c4 Bg7 6.Be3 Nf6 7.Nc3 Ng4 8.Qxg4 Nxd4
9.Qd1 Ne6 10.Be2 d6 11.O-O O-O 12.Qd2 Bd7 13.Rad1 Qa5 14.Nd5 Qxa2 15.Nxe7+ Kh8
16.b4 Qxd2 17.Rxd2 Rfe8 18.Nd5 b6 19.f4 Bc6 20.f5 Bxd5 21.Rxd5 Nc7 22.Rxd6
Rxe4 23.Bf3 Bf8 24.Rd7 Rxe3 25.Bxa8 Nxa8 26.Rd8 Kg7 27.f6+ {#r} 1-0

[Event "It (open)"]
[Site "masterchessopen.com Gausdal (Norway)"]
[Round "7"]
[White "Plaskett Jim (ENG)"]
[Black "Ostenstad Berge (NOR)"]
[Result "1-0"]
[WhiteElo "2405"]
[BlackElo "2469"]

1.e4 c5 2.Nf3 Nc6 3.d4 cxd4 4.Nxd4 g6 5.c4 Bg7 6.Be3 Nf6 7.Nc3 Ng4 8.Qxg4 Nxd4
9.Qd1 Ne6 10.Qd2 b6 11.Be2 Bb7 12.O-O O-O 13.Rad1 d6 14.Nd5 Qd7 15.b4 Rac8
16.Rfe1 Nc7 17.Bh6 Rfd8 18.h3 e6 19.Bxg7 Kxg7 20.Qb2+ e5 21.Bg4 Ne6 22.f4 h5
23.fxe5 hxg4 24.exd6+ Kh6 25.Nf6 Qc6 26.Nxg4+ Kh7 27.Rf1 Rf8 28.Nf6+ Kg7 29.c5
Ba6 30.d7 Rcd8 31.Rd6 Qb5 32.Rf2 Kh6 33.c6 Qc4 34.a4 b5 35.Rc2 {#r} 1-0

[Event "Memorial Elekes (b)"]
[Site "masterchessopen.com Budapest (Hungary)"]
[Round "0"]
[White "Glatt Gabor (HUN)"]
[Black "Lehmann Heinz G (GER)"]
[Result "1-0"]
[WhiteElo "2310"]
[BlackElo "2285"]

1.e4 c5 2.Nf3 g6 3.c4 Bg7 4.d4 cxd4 5.Nxd4 Nc6 6.Be3 Nf6 7.Nc3 Ng4 8.Qxg4 Nxd4
9.Qd1 Ne6 10.Bd3 d6 11.O-O Nc5 12.Rc1 Nxd3 13.Qxd3 O-O 14.b4 Be6 15.Nd5 Qd7
16.Rfd1 Rfc8 17.Qb3 f5 18.Bg5 Re8 19.exf5 Bxf5 20.Qe3 e6 21.Nf6+ Bxf6 22.Bxf6
Qf7 23.Bb2 Red8 24.g4 Bxg4 25.Qd4 e5 26.Qxg4 Rf8 27.Qg3 Qe6 28.c5 Qxa2 29.Rd2
Rf4 30.Bxe5 Qxd2 31.Qxf4 {#r} 1-0

[Event "It"]
[Site "masterchessopen.com Eksjo (Sweden)"]
[Round "0"]
[White "Gurevich Dmitry (USA)"]
[Black "Cramling Dan (SWE)"]
[Result "1-0"]
[WhiteElo "2510"]
[BlackElo "2375"]

1.Nf3 c5 2.c4 Nc6 3.d4 cxd4 4.Nxd4 g6 5.e4 Bg7 6.Be3 Nf6 7.Nc3 Ng4 8.Qxg4 Bxd4
9.Bxd4 Nxd4 10.O-O-O d6 11.Qg3 e5 12.f4 f6 13.Ne2 Ne6 14.f5 Nc5 15.Nc3 Kf7
16.b4 Na6 17.a3 gxf5 18.c5 Nc7 19.Rxd6 Qf8 20.Bc4+ Be6 21.Rxe6 Qh6+ 22.Kc2
Nxe6 23.exf5 {#r} 1-0

[Event "Olympiad"]
[Site "masterchessopen.com Lucerne (Switzerland)"]
[Round "9"]
[White "Skalkotas Nikolaos (GRE)"]
[Black "Silva Fernando (POR)"]
[Result "1-0"]
[WhiteElo "2178"]
[BlackElo "2333"]

1.c4 g6 2.e4 c5 3.Nf3 Bg7 4.d4 cxd4 5.Nxd4 Nc6 6.Be3 Nf6 7.Nc3 Ng4 8.Qxg4 Nxd4
9.Qd1 Ne6 10.Rc1 b6 11.b4 Bb7 12.Bd3 O-O 13.O-O a5 14.a3 axb4 15.axb4 Ra3
16.Nb5 Ra2 17.Rc2 Ra4 18.Qd2 Bc6 19.f4 Qa8 20.f5 Bxb5 21.fxe6 Bc6 22.b5 Bxe4
23.Bxe4 Qxe4 24.exd7 Raa8 25.Bxb6 h5 26.Re1 Qh4 27.Bf2 Qf6 28.c5 {#r} 1-0

[Event "Olympiad"]
[Site "masterchessopen.com Lucerne (Switzerland)"]
[Round "13"]
[White "Stull Norbert (LUX)"]
[Black "Silva Fernando (POR)"]
[Result "0-1"]
[WhiteElo "2081"]
[BlackElo "2333"]

1.c4 g6 2.Nf3 Bg7 3.d4 c5 4.e4 cxd4 5.Nxd4 Nc6 6.Be3 Nf6 7.Nc3 Ng4 8.Qxg4 Nxd4
9.Qd1 Ne6 10.Rc1 b6 11.b4 Bb7 12.Bd3 O-O 13.O-O a5 14.a3 axb4 15.axb4 Ra3
16.Nb5 Ra2 17.Rc2 Ra4 18.Qd2 Bc6 19.Ra2 Rxa2 20.Qxa2 Qa8 21.Qxa8 Rxa8 22.Bxb6
Nf4 23.Bb1 Ne2+ 24.Kh1 Ra1 25.f3 f5 26.exf5 gxf5 27.Nc7 Ba4 28.g3 Bb3 29.c5
Bc4 30.Re1 Nc3 {#R} 0-1

[Event "Cup Tatran"]
[Site "masterchessopen.com Stary Smokovec (Slovakia)"]
[Round "10"]
[White "Ftacnik Lubomir (SVK)"]
[Black "Janetschek Karl (AUT)"]
[Result "1-0"]
[WhiteElo "2535"]
[BlackElo "2259"]

1.Nf3 c5 2.c4 g6 3.d4 cxd4 4.Nxd4 Nc6 5.e4 Bg7 6.Be3 Nf6 7.Nc3 Ng4 8.Qxg4 Nxd4
9.Qd1 Ne6 10.Rc1 Qa5 11.a3 b6 12.Be2 Bb7 13.f3 f5 14.exf5 Qxf5 15.O-O Rd8
16.Bd3 Qh5 17.Qd2 O-O 18.Rce1 Be5 19.f4 Bb8 20.Be2 Qh4 21.g3 Qh3 22.Nd5 Bd6
23.Bf3 Bc6 24.b4 Rf7 25.Qd1 h5 26.Bc1 Rdf8 27.Bb2 g5 28.Qd3 gxf4 29.Qg6+ Ng7
30.Be4 Ra8 31.Qh7+ Kf8 32.Qh8# 1-0

[Event "Tournament"]
[Site "masterchessopen.com Wittlich (Germany)"]
[Round "12"]
[White "Treppner Gerd (GER)"]
[Black "Holfelder Hans Joachim (GER)"]
[Result "1-0"]
[WhiteElo "2311"]
[BlackElo "2224"]

1.Nf3 c5 2.c4 Nf6 3.Nc3 Nc6 4.d4 cxd4 5.Nxd4 g6 6.e4 Bg7 7.Be3 Ng4 8.Qxg4 Nxd4
9.Qd1 Ne6 10.Rc1 d6 11.b4 b6 12.Be2 Bb7 13.Nd5 O-O 14.O-O Nc7 15.Qd3 e6
16.Nxc7 Qxc7 17.Rfd1 Rfd8 18.Bf4 Bf8 19.c5 bxc5 20.bxc5 Qc6 21.cxd6 Qxe4
22.Qxe4 Bxe4 23.d7 Bd5 24.Bb5 a6 25.Ba4 Bxa2 26.Bc6 {#r} 1-0

[Event "It (open) \"]
[Site "masterchessopen.com Copenhagen (Denmark)"]
[Round "9"]
[White "Cramling Dan (SWE)"]
[Black "Moe Mogens (DEN)"]
[Result "1-0"]
[WhiteElo "2392"]
[BlackElo "2300"]

1.Nf3 Nf6 2.c4 g6 3.Nc3 Bg7 4.e4 c5 5.d4 cxd4 6.Nxd4 Nc6 7.Be3 Ng4 8.Qxg4 Nxd4
9.Qd1 Ne6 10.Rc1 b6 11.b4 Bb7 12.Bd3 Qb8 13.Nd5 {#r} 1-0

[Event "Ch France"]
[Site "masterchessopen.com France"]
[Round "0"]
[White "Andruet Gilles (FRA)"]
[Black "Wagner Claude (FRA)"]
[Result "1-0"]
[WhiteElo "2420"]
[BlackElo "2342"]

1.c4 c5 2.Nf3 g6 3.d4 cxd4 4.Nxd4 Bg7 5.e4 Nc6 6.Be3 Nf6 7.Nc3 Ng4 8.Qxg4 Nxd4
9.Qd1 Ne6 10.Qd2 d6 11.Be2 O-O 12.O-O Bd7 13.Nd5 f5 14.exf5 gxf5 15.Rad1 Kh8
16.Bf3 Bc6 17.Bh6 Bxh6 18.Qxh6 Ng7 19.Rd4 Bxd5 20.cxd5 Rf6 21.Qd2 Qd7 22.Rc1
e5 23.dxe6 Rxe6 24.Bd5 Re5 25.g3 Ne6 26.f4 {#r} 1-0

[Event "Ch Sweden"]
[Site "masterchessopen.com Linkoping (Sweden)"]
[Round "0"]
[White "Ebenfelt Anders (SWE)"]
[Black "Svenn Gosta (SWE)"]
[Result "0-1"]
[WhiteElo "2208"]
[BlackElo "2230"]

1.e4 c5 2.Nf3 Nc6 3.d4 cxd4 4.Nxd4 g6 5.c4 Bg7 6.Be3 Nf6 7.Nc3 Ng4 8.Qxg4 Bxd4
9.Bxd4 Nxd4 10.O-O-O d6 11.Qg3 e5 12.f4 f6 13.Bd3 Be6 14.Rhf1 Rc8 15.fxe5 dxe5
16.Nd5 O-O 17.Kb1 Kg7 18.Rf2 b5 19.Rdf1 bxc4 20.Nxf6 Qd6 21.Nh5+ Kg8 22.Nf6+
Rxf6 23.Rxf6 cxd3 24.Rxg6+ Kh8 25.Rg7 Bg8 26.Rxa7 Ne6 27.Ra3 Nf4 28.Rxf4 d2
{#R} 0-1

[Event "It (open)"]
[Site "masterchessopen.com New York (USA)"]
[Round "8"]
[White "Wells Peter K (ENG)"]
[Black "Yoffie Marc (USA)"]
[Result "0-1"]
[WhiteElo "2497"]
[BlackElo "2310"]

1.d4 Nf6 2.Nf3 g6 3.c4 Bg7 4.Nc3 c5 5.e4 cxd4 6.Nxd4 Nc6 7.Be3 Ng4 8.Qxg4 Nxd4
9.Qd1 e5 10.Qd2 O-O 11.O-O-O d6 12.Ne2 Nc6 13.Qxd6 Qh4 14.Nc3 Rd8 15.g3 Rxd6
16.gxh4 Nd4 17.Nd5 Bg4 18.Rd3 Bf3 19.Bxd4 Bxh1 20.Bc5 Rdd8 21.f3 f5 22.exf5 e4
23.Rb3 Rxd5 24.cxd5 Rc8 25.Rb5 {#R} 0-1

[Event "It (open)"]
[Site "masterchessopen.com Poznan (Poland)"]
[Round "9"]
[White "Wiese-Jozwiak Malgorzata (POL)"]
[Black "Pejka Marek (POL)"]
[Result "1-0"]
[WhiteElo "2205"]
[BlackElo "2114"]

1.e4 c5 2.Nf3 Nc6 3.d4 cxd4 4.Nxd4 g6 5.c4 Bg7 6.Be3 Nf6 7.Nc3 Ng4 8.Qxg4 Nxd4
9.Qd1 Ne6 10.Rc1 b6 11.b4 Bb7 12.Bd3 O-O 13.O-O a5 14.a3 axb4 15.axb4 Ra3
16.Qd2 f5 17.exf5 gxf5 18.f4 Qa8 19.Nb5 Rb3 20.Bc2 Rxe3 21.Qxe3 Bxg2 22.Rf2
Bc6 23.Rd1 Rf6 24.Kf1 Bxb5 25.cxb5 Qh1+ 26.Ke2 Nd4+ 27.Rxd4 Re6 28.Bb3 {#r}
1-0

[Event "Ch World (juniors) (under 20)"]
[Site "masterchessopen.com Kiljava (Finland)"]
[Date "1984.08.16"]
[Round "12"]
[White "Ostenstad Berge (NOR)"]
[Black "Klinger Josef (AUT)"]
[Result "1-0"]
[WhiteElo "2315"]
[BlackElo "1981"]

1.Nf3 Nf6 2.c4 c5 3.Nc3 g6 4.d4 cxd4 5.Nxd4 Bg7 6.e4 Nc6 7.Be3 Ng4 8.Qxg4 Bxd4
9.Bxd4 Nxd4 10.O-O-O d6 11.Qg3 e5 12.f4 f6 13.f5 Kf7 14.Ne2 Nxe2+ 15.Bxe2 Qc7
16.Qd3 Ke7 17.Kb1 Bd7 18.g4 Bc6 19.Rhg1 g5 20.h4 h6 21.Rh1 b6 22.Rh2 Rad8
23.Rdh1 Qb8 24.hxg5 hxg5 25.Rh7+ Rxh7 26.Rxh7+ Ke8 27.Qh3 {#r} 1-0

[Event "Ch Europe (corr.)"]
[Site "masterchessopen.com corr."]
[Round "0"]
[White "Gutop Yuri V (RUS)"]
[Black "Campeert Julien (BEL)"]
[Result "1-0"]
[WhiteElo "2303"]
[BlackElo "1994"]

1.e4 c5 2.Nf3 Nc6 3.d4 cxd4 4.Nxd4 g6 5.c4 Bg7 6.Be3 Nf6 7.Nc3 Ng4 8.Qxg4 Nxd4
9.Qd1 Nc6 10.Qd2 Qa5 11.Rc1 d6 12.Be2 O-O 13.O-O f5 14.exf5 Bxf5 15.Rfd1 Rac8
16.b3 Rfe8 17.h3 e5 18.Nb5 Qxd2 19.Rxd2 Bf8 20.Nxd6 Bxd6 21.Rxd6 Nd4 22.Bxd4
exd4 23.Bf3 d3 24.Bxb7 Rcd8 25.Rxd8 Rxd8 26.Rd1 g5 27.f3 {#r} 1-0

[Event "?"]
[Site "masterchessopen.com Iceland"]
[Round "0"]
[White "Afek Yochanan (ISR)"]
[Black "Rechlis Gad (ISR)"]
[Result "0-1"]
[WhiteElo "2299"]
[BlackElo "2430"]

1.e4 c5 2.Nf3 Nc6 3.d4 cxd4 4.Nxd4 g6 5.c4 Bg7 6.Be3 Nf6 7.Nc3 Ng4 8.Qxg4 Nxd4
9.Qd1 Ne6 10.Be2 Bxc3+ 11.bxc3 Qa5 12.Qd2 d6 13.O-O Bd7 14.f4 Bc6 15.f5 Nc5
16.Qd4 f6 17.fxg6 hxg6 18.Rxf6 O-O-O 19.Rf7 e5 20.Qd1 Qxc3 21.Bf2 Kb8 22.Rb1
Ka8 23.Rc7 Nxe4 24.Rxc6 Nxf2 25.Qd5 Rd7 26.Kxf2 Rf8+ 27.Bf3 Qc2+ 28.Kg3 Qxb1
29.Rxd6 Qe1+ {#R} 0-1

[Event "?"]
[Site "masterchessopen.com Iceland"]
[Round "0"]
[White "Dudakov Shaul (ISR)"]
[Black "Veinger Itzhak (ISR)"]
[Result "0-1"]
[WhiteElo "2235"]
[BlackElo "2415"]

1.e4 c5 2.Nf3 Nc6 3.d4 cxd4 4.Nxd4 g6 5.c4 Bg7 6.Be3 Nf6 7.Nc3 Ng4 8.Qxg4 Nxd4
9.Qd1 Ne6 10.Rc1 Qa5 11.Qd2 b6 12.g3 Bb7 13.Bg2 f5 14.O-O Bxc3 15.Rxc3 fxe4
16.Rd1 d6 17.Bh3 Qe5 18.Bh6 Rg8 19.b4 Kf7 20.f3 g5 21.fxe4 Rg6 22.Rf3+ Kg8
23.Bxe6+ Qxe6 24.Bxg5 Qg4 25.Qf4 Qxg5 {#R} 0-1

[Event "It (open) \"]
[Site "masterchessopen.com Adelaide (Australia)"]
[Round "6"]
[White "Lobron Eric (GER)"]
[Black "Drimer Dolfi (ROM)"]
[Result "1-0"]
[WhiteElo "2530"]
[BlackElo "2345"]

1.e4 c5 2.Nf3 Nc6 3.d4 cxd4 4.Nxd4 g6 5.c4 Bg7 6.Be3 Nf6 7.Nc3 Ng4 8.Qxg4 Nxd4
9.Qd1 Ne6 10.Rc1 O-O 11.Bd3 d6 12.O-O Bd7 13.f4 Nc5 14.Bb1 Bc6 15.b4 Bxc3
16.Rxc3 Nxe4 17.Ra3 Nf6 18.f5 a6 19.Qd4 b5 20.Bg5 bxc4 21.fxg6 hxg6 22.Rxf6
exf6 23.Bxf6 {#r} 1-0

[Event "Match"]
[Site "masterchessopen.com Athens (Greece)"]
[Round "0"]
[White "Skembris Spyridon (GRE)"]
[Black "Kotronias Vasilios (GRE)"]
[Result "1-0"]
[WhiteElo "2463"]
[BlackElo "2440"]

1.d4 Nf6 2.c4 c5 3.Nf3 g6 4.Nc3 cxd4 5.Nxd4 Nc6 6.e4 Bg7 7.Be3 Ng4 8.Qxg4 Nxd4
9.Qd1 Ne6 10.Rc1 Qa5 11.Qd2 d6 12.Be2 Bd7 13.O-O Bc6 14.f3 f5 15.exf5 gxf5
16.Rfd1 f4 17.Bxf4 Rg8 18.Be3 Bxc3 19.Rxc3 Qf5 20.Rf1 O-O-O 21.Ra3 Ng5 22.Ra5
e5 23.Rxa7 Kd7 24.Bxg5 Rxg5 25.Bd3 Rxg2+ 26.Qxg2 Qxd3 27.Qg7+ Ke6 28.Qg4+ Kf7
29.Ra3 Qc2 30.f4 e4 31.Qh5+ Kf8 32.Qf5+ Ke7 33.Qxh7+ Ke6 34.Qg6+ Ke7 35.Qg7+
{#r} 1-0

[Event "It"]
[Site "masterchessopen.com Budapest (Hungary)"]
[Round "5"]
[White "Horvath Jozsef M (HUN)"]
[Black "Conquest Stuart (ENG)"]
[Result "1-0"]
[WhiteElo "2104"]
[BlackElo "2515"]

1.e4 c5 2.Nf3 Nc6 3.d4 cxd4 4.Nxd4 g6 5.c4 Bg7 6.Be3 Nf6 7.Nc3 Ng4 8.Qxg4 Nxd4
9.Qd1 Ne6 10.Rc1 Qa5 11.Bd3 b6 12.O-O Bb7 13.f4 Bd4 14.Bxd4 Nxd4 15.Nd5 Bxd5
16.cxd5 b5 17.Bb1 Qb6 18.Kh1 O-O 19.Qd2 f6 20.f5 gxf5 21.exf5 b4 22.Rc4 Nb5
23.Rxb4 a5 24.Rb3 a4 25.Rg3+ Kh8 26.Qb4 d6 27.Bd3 Rfb8 28.Qe1 Ra7 29.Rf4 Qd8
30.Rh4 Qf8 31.Qe2 Rc7 32.h3 {#r} 1-0

[Event "Olympiad (corr.)"]
[Site "masterchessopen.com corr."]
[Round "0"]
[White "Shepherd Chris C W (ENG)"]
[Black "Widera Jan (POL)"]
[Result "1-0"]
[WhiteElo "2161"]
[BlackElo "2019"]

1.e4 c5 2.Nf3 Nc6 3.d4 cxd4 4.Nxd4 g6 5.c4 Bg7 6.Be3 Nf6 7.Nc3 Ng4 8.Qxg4 Nxd4
9.Qd1 Ne6 10.Rc1 b6 11.b4 Bb7 12.Bd3 a5 13.a3 axb4 14.axb4 Ra3 15.Nd5 Bd4
16.Qd2 Bxe3 17.Qxe3 Bxd5 18.exd5 Nf4 19.Qxf4 Rxd3 20.Qh6 e6 21.Qg7 Rf8 22.O-O
f5 23.Qxh7 Qf6 24.Ra1 Qf7 25.Qh6 Ke7 26.dxe6 dxe6 27.Ra7+ Rd7 28.Rxd7+ Kxd7
29.Qd2+ Kc7 30.Qf4+ Kc8 31.Qd6 {#r} 1-0

[Event "Tournament"]
[Site "masterchessopen.com Steglitz (Germany)"]
[Round "0"]
[White "Lengerer Peter"]
[Black "Ingmann Volker"]
[Result "0-1"]
[WhiteElo "1985"]
[BlackElo "2200"]

1.e4 c5 2.Nf3 Nc6 3.d4 cxd4 4.Nxd4 g6 5.c4 Bg7 6.Be3 Nf6 7.Nc3 Ng4 8.Qxg4 Nxd4
9.Qd1 Ne6 10.Rc1 Qa5 11.Bd3 b6 12.O-O g5 13.a3 Qe5 14.b4 Bb7 15.g3 Rg8 16.Qh5
h6 17.Kh1 d6 18.Nd5 Rc8 19.Bd2 Nd4 20.Bc3 e6 21.Rfd1 Kf8 22.Bf1 Rxc4 23.Bxc4
Qxe4+ 24.f3 Nxf3 25.Bxg7+ Kxg7 26.Rf1 Nh4+ {#R} 0-1

[Event "Memorial G.Agzamov"]
[Site "masterchessopen.com Tashkent (Uzbekistan)"]
[Round "0"]
[White "Zagrebelny Sergey (UZB)"]
[Black "Kuzmin Gennadi P (UKR)"]
[Result "0-1"]
[WhiteElo "2270"]
[BlackElo "2470"]

1.e4 c5 2.Nf3 Nc6 3.d4 cxd4 4.Nxd4 g6 5.c4 Bg7 6.Be3 Nf6 7.Nc3 Ng4 8.Qxg4 Nxd4
9.Qd1 Ne6 10.Rc1 Qa5 11.Bd3 b6 12.O-O Bb7 13.a3 g5 14.Nb5 Bxb2 15.Bd2 Qa6
16.c5 O-O 17.e5 bxc5 18.Qh5 f5 19.exf6 Rf7 20.fxe7 Rxe7 21.Rb1 Bf6 22.Rfe1 Rf8
23.Bf5 Rg7 24.Qe2 Nf4 25.Bxf4 gxf4 26.Qc4+ Kh8 27.Be4 Rfg8 28.g3 fxg3 29.hxg3
{#R} 0-1

[Event "?"]
[Site "masterchessopen.com Vienna (Austria)"]
[Round "0"]
[White "Schneider Raymond (LUX)"]
[Black "Wirius Johannes (AUT)"]
[Result "1-0"]
[WhiteElo "2285"]
[BlackElo "2125"]

1.Nf3 c5 2.c4 Nc6 3.d4 cxd4 4.Nxd4 g6 5.e4 Bg7 6.Be3 Nf6 7.Nc3 Ng4 8.Qxg4 Nxd4
9.Qd1 Ne6 10.Rc1 b6 11.Bd3 Bb7 12.O-O O-O 13.Bb1 d6 14.f4 f5 15.exf5 gxf5
16.Rf2 Qe8 17.b3 Qf7 18.Nd5 Nc5 19.Bd4 e6 20.Bxg7 Qxg7 21.Rf3 Kh8 22.Rg3 Qh6
23.Rh3 Qg7 24.Rcc3 exd5 25.Rcg3 Qf7 26.Rh6 Rg8 27.Qd4+ Rg7 28.Bxf5 Re8
29.Rxh7+ {#r} 1-0

[Event "Ch Germany (team) (universities)"]
[Site "masterchessopen.com Muenster (Germany)"]
[Round "4"]
[White "Forchert Martin (GER)"]
[Black "Glaser Christian (GER)"]
[Result "1-0"]
[WhiteElo "2420"]
[BlackElo "2196"]

1.e4 c5 2.Nf3 Nc6 3.d4 cxd4 4.Nxd4 g6 5.c4 Bg7 6.Be3 Nf6 7.Nc3 Ng4 8.Qxg4 Nxd4
9.Qd1 Ne6 10.Rc1 d6 11.b4 O-O 12.Be2 b6 13.O-O Bb7 14.f3 Bc6 15.Qd2 Re8
16.Rfd1 Qc8 17.Bf1 Qb7 18.Nd5 b5 19.f4 f5 20.exf5 gxf5 21.Qd3 bxc4 22.Qxf5
Bxd5 23.Rxd5 Nc7 24.Bxc4 e6 25.Rxd6 Qxb4 26.Rd7 Re7 27.Qe4 Rb8 28.a3 Qxa3
29.Rxc7 Rxc7 30.Bxe6+ Rf7 31.Bxf7+ Kxf7 32.Qd5+ Ke8 33.Re1 Rb1 {#r} 1-0

[Event "It (open)"]
[Site "masterchessopen.com Bad Mergentheim (Germany)"]
[Round "0"]
[White "Kohlweyer Bernd (GER)"]
[Black "Smejkal Jan (CZE)"]
[Result "1-0"]
[WhiteElo "2325"]
[BlackElo "2515"]

1.Nf3 c5 2.c4 Nf6 3.d4 cxd4 4.Nxd4 Nc6 5.Nc3 g6 6.e4 Bg7 7.Be3 Ng4 8.Qxg4 Nxd4
9.Qd1 Ne6 10.Rc1 Qa5 11.Be2 b6 12.O-O Bb7 13.f3 g5 14.Rc2 h5 15.Nd5 Qxa2
16.Rd2 Rd8 17.Rf2 Bc6 18.Bf1 Kf8 19.b4 Qa1 20.Qxa1 Bxa1 21.Ra2 Bd4 22.Rxa7
Bxe3 23.Nxe3 Rb8 24.Rd2 d6 25.Nf5 Bb7 26.e5 Ng7 27.Nxg7 Kxg7 28.exd6 exd6
29.Rxd6 Bc8 30.Bd3 Re8 31.Rg6+ {#r} 1-0

[Event "It (open) \"]
[Site "masterchessopen.com Chicago (USA)"]
[Round "2"]
[White "Rizzitano James (USA)"]
[Black "Sandrin Angelo"]
[Result "1-0"]
[WhiteElo "2310"]
[BlackElo "2200"]

1.e4 c5 2.Nf3 Nc6 3.d4 cxd4 4.Nxd4 g6 5.c4 Bg7 6.Be3 Nf6 7.Nc3 Ng4 8.Qxg4 Nxd4
9.Qd1 Ne6 10.Rc1 Qa5 11.Qd2 b6 12.Bd3 Bb7 13.h4 h5 14.O-O Bd4 15.Bxd4 Nxd4
16.Qe3 Ne6 17.a3 d6 18.Nb5 Bc6 19.b4 Qa6 20.f4 Qb7 21.f5 Nc7 22.e5 Nxb5
23.cxb5 Bxg2 24.exd6 e6 25.Rf2 Bd5 26.Rc7 Qb8 27.fxg6 {#r} 1-0

[Event "It (open) \"]
[Site "masterchessopen.com Gausdal (Norway)"]
[Round "0"]
[White "Ostenstad Berge (NOR)"]
[Black "Johannessen Svein (NOR)"]
[Result "1-0"]
[WhiteElo "2469"]
[BlackElo "2273"]

1.d4 Nf6 2.c4 c5 3.Nf3 cxd4 4.Nxd4 g6 5.Nc3 Bg7 6.e4 Nc6 7.Be3 Ng4 8.Qxg4 Nxd4
9.Qd1 Ne6 10.Qd2 O-O 11.Be2 d6 12.O-O Bd7 13.Rad1 Bc6 14.Nd5 Nc5 15.f3 a5
16.b3 Bxd5 17.exd5 Qb6 18.Rfe1 Qb4 19.Bd4 Bxd4+ 20.Qxd4 a4 21.bxa4 Rxa4 22.Bf1
Re8 23.Rd2 b5 24.Rc1 Qa5 25.Qe3 b4 26.Rcc2 Ra3 27.Qh6 Ra8 28.h4 Qd8 29.h5 Qf8
30.Qf4 Qg7 31.Rb2 R8a4 32.h6 g5 33.Qh2 g4 34.hxg7 {#r} 1-0